000 00806cam a2200265 i 4500
999 _c8136
_d8136
001 8136
003 BD-JhCC
005 20180218200418.0
008 131125t20132013inu 000 0 eng c
020 _a9781491882429
020 _a9781491882436
020 _z9781491882443 (e)
035 _a(BD-JhCC)8136
035 _a5605594
035 _a(Uk)016610771
040 _aUk
_cUk
_erda
_dUkCU
_dUk
_dBD-JhCC
041 _aeng
082 0 4 _a158.1
_223
_bGAI 2013
100 1 _aGaitate, Obakeng E. R.,
245 1 4 _aThe law of success :
_bpresenting the unchanging principles built into the universe for your successful life. Be it in your studies, career, profession or business /
_cObakeng E R Gaitate.
300 _a98 pages ;
_c24 cm
650 0 _aSuccess.
942 _2ddc
_cBK